00757nam a22002057a 4500999001900000005001700019010001500036020002700051035001400078037001300092082001000105100001800115245007400133260006200207270006100269300002300330500005000353942002400403952012400427 c168508d16850820191011155137.0 aENG-126653 a9789386552952c1250.00 aEN-110185 bDBAD/PUB a491.3 aOllet, Andrew aPrakrit and the language order of premodern India /cby Andrew Ollett aNew DelhibPrimus Books, An imprint of Ratna Sagar c2019 aVirat BhavanbMukherjee Nagar Commercial Complexe110009 axi;308p.c24cm(Hb) aIncludes bibliographical references and index 2ddccENh491.3mOLL 001040708NFICaZLSbZLSd2019-10-11eDBAD/PUBg1250.00l0o491.3 OLLpEN-110185r2019-10-11 00:00:00t1v1250.00yEN